| 000 | 00706nam a2200217Ia 4500 | ||
|---|---|---|---|
| 008 | 160114s9999 xx 000 0 und d | ||
| 020 | _a0-06024298 | ||
| 050 | _aFic | ||
| 050 | _b.M686k 1968 | ||
| 100 | _aMinarik, Else Holmelund | ||
| 245 | 2 |
_aA kiss for Little Bear / _cby Else Holmelund Minarik ; pictures by Maurice Sendak |
|
| 260 |
_aNew York : _bHarper Collins Publishers Inc. _c1968 |
||
| 300 |
_a32 pages; _bcolor illustrations ; _c23 cm. |
||
| 440 | _aI can read book. | ||
| 650 | _aCooperation -- | ||
| 650 | _aKissing -- | ||
| 650 | _aLittle Bear (Fictitious character : Minarik) -- | ||
| 650 | _xJuvenile fiction. | ||
| 650 | _xJuvenile fiction. | ||
| 650 | _xJuvenile fiction. | ||
| 999 |
_c290375 _d290375 |
||